000 00285nam a22000977a 4500
999 _c10444
_d10444
008 180217b ||||| |||| 00| 0 eng d
020 _a9788176084970
100 _aArona.V.
_96379
245 _aSuper Simplified Foundation of Information Technology-IX
260 _aJalandhar
_bS.P. jain
_c2012